O gato Torcato (Registo nº 4009)

Detalhes MARC
000 -Etiqueta do registo
Cabeçalho 00630nam a2200241 4500
005 - Identificador da versão
Campo de controlo 20240813122050.0
010 ## - Número internacional normalizado dos livros (ISBN)
Número (ISBN) 9727122868
Modalidade de aquisição e/ou preço ?6.75
021 ## - Número do Depósito Legal
Código do país PT
100 ## - Dados gerais de processamento
Dados gerais de processamento 20040220d2003 a y0pory5003 ba
102 ## - Pais de publicação ou produção
País de publicação Portugal
101 0# - Língua de publicação
Língua do texto, banda sonora, etc. Português
215 ## - Descrição física 
Indicação específica da natureza do documento e extensão da espécie [32] p.
Outras indicações físicas il
200 1# - Titulo e menção de responsabilidade
Título próprio O gato Torcato
Primeira menção de responsabilidade Pierre Coran e Marie-José Sacré
Outras menções de responsabilidade trad. Vítor Rocha
210 ## - Publicação, Distribuição, etc. 
Lugar da edição, distribuição, etc. Maia
Nome do editor, distribuidor, etc. Edições Nova Gaia
Data da publicação, distribuição, etc. 2003
304 ## - Notas relativas a título e menção de responsabilidade 
Texto da nota Tinka, die Katze
675 ## - Classificação Decimal Universal (CDU)
Notação 82-93
Edição BN
Língua da edição por
702 #1 - Nome de autor-pessoa física (responsabilidade secundária)
Número de registo de entrada de autoridade 0000489
Palavra de ordem Rocha
Outra parte do nome não tomada para palavra de ordem Vitor
Código de função Tradutor
700 #1 - Nome de autor-pessoa física (responsabilidade principal)
Número de registo de entrada de autoridade 0000488
Palavra de ordem Coran
Outra parte do nome não tomada para palavra de ordem Pierre
942 ## - Elementos de entrada adicionados (Koha)
Tipo de item no Koha Livro
Exemplares
Situação do levantamento Origin of item (home branch) (coded) Biblioteca de empréstimo Código de barras Cota Circulation type (not for loan) Tipo de documento Nota do exemplar Damaged status
  Biblioteca Escolar das Vendas Biblioteca Escolar das Vendas BEV924 8EST COR   Livro Sem mensagem